Responses for Show #2788 - Wednesday, October 16, 1996

Contestants

[<< previous game]

Jim Ellis, a TV production technician from Toledo, Ohio

Lissa Anderson, a schoolteacher from Austin, Texas

Carl Eeman, a pastor from St. Louis Park, Minnesota (whose 1-day cash winnings total $10,300)

Jeopardy! Round responses

KING DAVID
TELEVISION
PLANTS & TREES
WORLD CITIES
THE HARDWARE STORE
CROSSWORD CLUES "C"
    $100 1
Goliath

Carl
    $100 21
The Simpsons

Lissa
    $100 22
Spanish moss

Lissa
    $100 6
Paris

Lissa
    $100 11
hinge

Lissa
    $100 16
cartwheel

Carl
    $200 2
Jerusalem

Carl
    $200 27
Joe Pesci

Jim
    $200 23
(Jim: What is ear?)
...
(Alex: You had to think of hepatitis in this one to get the [*].)

liver

Jim
Triple Stumper
    $200 7
Sofia

Lissa
    $200 12
saw

Lissa
    $200 17
(Lissa: What is center?)

court

LissaJim
    $300 3
Psalms

Carl
    $300 28
(Lissa: What are Diagnosis Murder and Murder, She Wrote?)

Murder, She Wrote & Murder One

LissaJim
    $300 24
(Carl: What is bark?)
(Alex: Be more specific.)
(Carl: The outer bark?)
(Jim: What is the inner bark?)

root bark

CarlJim
Triple Stumper
    $300 8
Kathmandu

Carl
    $300 13
pliers

Carl
    $300 18
cradle

Carl
    $400 4
Bathsheba

Carl
    $400 29
Howard Hesseman

Jim
    $400 25
bluegrass

Carl
    $400 9
Liverpool

Carl
    $400 14
nail

Carl
    $400 19
Cosmopolitan

Lissa
    $500 5
shepherd

Carl
    $500 30
(Jim: What is The Faith & Values Network?)

The Family Channel

Jim
Triple Stumper
    $500 26
pine

Carl
    $1,000 10
(Carl: I don't know.)
(Alex: Lissa wished she had that clue!)

Cayenne

Carl
    $500 15
(Jim: What is "De Plane! De Plane!"?)

plane

Jim
    $500 20
costume

Jim

Scores at the first commercial break (after clue 15):

Carl Lissa Jim
$1,900 $600 $500

Scores at the end of the Jeopardy! Round:

Carl Lissa Jim
$2,900 $700 $1,100

Double Jeopardy! Round responses

ENGINEERS
HISTORY
ART & ARTISTS
LITERARY CHARACTERS
NATIONAL MONUMENTS
MUSIC COLLABORATORS
    $200 13
USSR

Lissa
    $200 6
Inca

Carl
    $200 1
Paul Gauguin

Lissa
    $200 14
Dr. John Watson

Jim
    $200 4
Fort McHenry

Carl
    $200 19
Richard Rodgers

Jim
    $400 15
gasoline

Jim
    $400 7
Nuremberg

Lissa
    $400 2
Pablo Picasso

Lissa
    $400 24
Long John Silver

Lissa
    $400 5
Tonto National Monument

Triple Stumper
    $400 20
John Lennon & Paul McCartney

Carl
    $600 16
Sweden

Jim
    $600 8
(Carl: Who is Evita Peron?)
(Jim: Who was Eva Peron?)

Isabel Peron

CarlJim
Triple Stumper
    $600 3
Samuel Morse

Carl
    $600 25
Gulliver

Carl
    $600 21
New Mexico

Jim
    $600 27
[The end-of-round signal sounds.]

Burt Bacharach & Hal David

Triple Stumper
    $800 17
General Electric

Triple Stumper
    $800 11
Turkish (Ottoman) Empire

Carl
    $700 9
(Alex: Thanks to the Virginia Museum of Fine Arts for that video of the egg.)

Fabergé

Lissa
    $800 26
Madame Bovary

Triple Stumper
    $2,500 22
(Alex: We have less than a minute to go.)

George Washington & George Washington Carver

Jim
    $1000 18
the Brooklyn Bridge

Jim
    $1000 12
Cyprus

Carl
    $1000 10
Toulouse-Lautrec

Lissa
    $1000 23
John Muir

Carl

Scores at the end of the Double Jeopardy! Round:

Carl Lissa Jim
$7,100 $4,000 $6,000

[wagering suggestions for these scores]

Final Jeopardy! Round responses

1960s AMERICANS
LissaWho is Abby Hoffman?
$4,000
JimWho is Timothy Leary
$4,000
CarlWho was David Jansen?
$4,901
Abbie Hoffman

Final scores:

Carl Lissa Jim
$2,199 $8,000 $2,000
2nd place: Aroma Spa & Aroma Vera pendants New champion: $8,000 3rd place: Delonghi cappuccino machine

Game dynamics:

Coryat scores:

Carl Lissa Jim
$8,100 $4,100 $4,300
21 R,
3 W
(including 1 DD)
14 R
(including 1 DD),
2 W
13 R
(including 1 DD),
4 W

Combined Coryat: $16,500

[game clues] [game scores] [suggest correction]

Game tape date: 1996-08-27
The J! Archive is created by fans, for fans. Scraping, republication, monetization, and malicious use prohibited; this site may use cookies and collect identifying information. See terms. The Jeopardy! game show and all elements thereof, including but not limited to copyright and trademark thereto, are the property of Jeopardy Productions, Inc. and are protected under law. This website is not affiliated with, sponsored by, or operated by Jeopardy Productions, Inc. Join the discussion at JBoard.tv.